Higher education in Japan
محفوظ في:
| التنسيق: | كتاب |
|---|---|
| اللغة: | Undetermined |
| منشور في: |
Japan
MOMBUSHO
1984
|
| الموضوعات: | |
| الوسوم: |
إضافة وسم
لا توجد وسوم, كن أول من يضع وسما على هذه التسجيلة!
|
| Thư viện lưu trữ: | Trung tâm Học liệu Trường Đại học Cần Thơ |
|---|
| LEADER | 00402nam a2200157Ia 4500 | ||
|---|---|---|---|
| 001 | CTU_28266 | ||
| 008 | 210402s9999 xx 000 0 und d | ||
| 082 | |a 378.4 | ||
| 082 | |b H638 | ||
| 245 | 0 | |a Higher education in Japan | |
| 260 | |a Japan | ||
| 260 | |b MOMBUSHO | ||
| 260 | |c 1984 | ||
| 650 | |a education, higher | ||
| 904 | |i Liên, 981112 | ||
| 980 | |a Trung tâm Học liệu Trường Đại học Cần Thơ | ||